Anadolu Selçuklu Devleti / (Record no. 14667)

MARC details
000 -BAŞLIK
Sabit Uzunlukta Kontrol Alanı 00632nam a2200205 4500
999 ## - SİSTEM KONTROL NUMARALARI (KOHA)
Koha Biblionumber 14667
Koha Biblioitemnumber 14667
003 - KONTROL NUMARASI IDENTIFIER
Denetim Alanı MIRAKIL
005 - SON İŞLEM TARİHİ VE ZAMANI
Denetim Alanı 20211208152521.0
008 - SABİT-BOY VERİ ELEMANLARI - GENEL BİLGİLER
Sabit Uzunlukta Kontrol Alanı 211208b tu ||||| |||| 00| 0 tur d
040 ## - KATALOGLAMA KAYNAK
Orijinal Kataloglama Ajansı TR-AnCHP
Metne Dönüştürmek Ajansı TR-AnCHP
041 ## - DİL KODU
Metin / Ses Parça Veya Ayrı Başlığın Dil Kodu tur
082 ## - DEWEY ONLU SINIFLANDIRMA NUMARASI
Sınıflandırma Numarası 956.06
Ürün Numarası G66a 1988
100 ## - ANA GİRİŞ - KİŞİSEL İSİM
Kişisel Ad Gordlevski, Vladimir Aleksandroviç,
245 10 - BAŞLIK TABLOSU
Başlık Anadolu Selçuklu Devleti /
Sorumluluk Tablosu, Vb V. Gordlevski ; çeviren Azer Yaran
260 ## - YAYIN, DAĞITIM, VB
Yayın, Dağıtım, Vb Yeri Ankara :
Yayıncı, Dağıtıcı, Vs Adı Onur Yayınları,
Yayın, Dağıtım, Vb Tarihi 1988
300 ## - FİZİKSEL TANIM
Kapsam 345 s.:
Boyutlar 20 sm.
504 ## - KAYNAKÇA VB NOT
Kaynakça Vb Notu Bibliyografik bilgi içerir.
650 #0 - KONU KATMA GİRİŞ - TOPİKAL DÖNEM
9 (RLIN) 5711
Topikal Süreli Veya Coğrafi Ad Giriş Elemanı Anadolu Selçuklu Devleti
Genel Alt Bölümü Tarih
700 ## - KATMA GİRİŞ - KİŞİSEL İSİM
9 (RLIN) 6869
Kişisel Ad Yaran, Azer
Relator Terim çev.
942 ## - EKLENDİ GİRİŞ ELEMANLARI (KOHA)
Sınıflandırma Veya Raf Düzeni Kaynak Dewey Decimal Classification
Koha Öğesi Türü Books
Holdings
Kalıcı Konum Mevcut Konum Edinme Tarihi Toplam Check-Out'Lar Tam Çağrı Numarası Barkod Tarih Son Görülme İtibaren Geçerli Fiyatlar Sigara Kamu Notu Koha Öğesi Türü
CHP Kütüphanesi CHP Kütüphanesi 12/08/2021   956.06 G66a 1988 020156 12/08/2021 12/08/2021 Emin Değer Bağışıdır. Books